000 00218 a2200097 4500
000 nam a22 7a 4500
100 _aArothr A MacDonald
_925804
245 _aSanskrit Vyakaran Pravesika
260 _bMLBD
942 _cBK
999 _c59846
_d59846